000 00564nam a2200205 a 4500
001 86495
003 BD-RjUL
005 20260517152501.0
008 260517s1896 enk||||| |||| 00| 0 eng d
035 _a(BD-RjUL)86495
040 _aBD-RjUL
_beng
_cBD-RjUL
041 _aeng
082 _223
_a843.7
_bBAH 1896
100 _aBalzac, Honoré de
_918495
245 _aThe House of the Cat and Racket /
_cby Honoré de Balzac
250 _aCaxton ed.
260 _aLondon :
_bThe Caxton Publishing Company,
_c1896
300 _a340 p. ;
_c21 cm.
942 _2ddc
_cBK
999 _c86495
_d86495